ا فسا نہ نگا ر پر يم چند (تنقيد ی و سما جی محا کمہ) (Record no. 172297)

MARC details
000 -LEADER
fixed length control field 00765nam a22001937a 4500
005 - DATE AND TIME OF LATEST TRANSACTION
control field 20200131120640.0
010 ## - LCCN (DPL NO)
LC control number B-208942
020 ## - INTERNATIONAL STANDARD BOOK NUMBER
Terms of availability 250.00
International Standard Book Number -
035 ## - SYSTEM CONTROL NUMBER
System control number B-208942
037 ## - SOURCE OF ACQUISITION
Source of stock number/acquisition DBAD/PUB
Stock number -
082 ## - DEWEY DECIMAL CLASSIFICATION NUMBER
Classification number 843.08
100 ## - MAIN ENTRY--PERSONAL NAME
Personal name عظيم ا لشا ن صد يقی
245 ## - TITLE STATEMENT
Title ا فسا نہ نگا ر پر يم چند (تنقيد ی و سما جی محا کمہ)
Statement of responsibility, etc عظيم ا لشا ن صد يقی
246 ## - VARYING FORM OF TITLE
Remainder of title Afsana Nigar Prem Chand (Tanqeedi wa Samaji Mahakma) (Urdu)
Title proper/short title by Azeemushan Siddiqui
260 ## - PUBLICATION, DISTRIBUTION, ETC. (IMPRINT)
Place of publication, distribution, etc Delhi
Name of publisher, distributor, etc Educational publishing House
Date of publication, distribution, etc 2006 ء
270 ## - ADDRESS
Address 3108,Gali Azizuddin Vakil,Kucha Pandit,Lal kuan,
City Delhi
Postal code 110006
Telephone number 09317748056
Fax number -
300 ## - PHYSICAL DESCRIPTION
Extent 327 ص
Dimensions 22 Cm(Hb)
942 ## - ADDED ENTRY ELEMENTS (KOHA)
Source of classification or shelving scheme Dewey Decimal Classification
Item type Urdu Bks
Classification part 843.08
Call number suffix ص د ی
Holdings
Withdrawn status Lost status Not for loan Collection code Home library Current library Date acquired Source of acquisition Cost, normal purchase price Full call number Barcode Copy number Cost, replacement price Koha item type
      Non-fiction Central Library Central Library 31/01/2020 BPPD/Ven. 250.00 843.08 ص د ی B-208942 1 250.00 Urdu Bks

© Delhi Public Library
Hit Counter
free hit counter